Tools and techniques for strategic management /

Bibliographic Details
Main Author: McNamee, Patrick B.
Format: Book
Language:English
Published: Oxford [Oxfordshire] ; New York : Pergamon Press, 1985.
Edition:1st ed.
Subjects:

MARC

Tag First Indicator Second Indicator Subfields
LEADER 00000pam a2200000 a 4500
001 in00000577239
005 20151014060306.0
008 841025s1985 enka b 00100 eng
010 |a  84025363  
020 |a 008031810X :  |c $35.00 
020 |a 0080318096 (soft) :  |c $19.50 
035 |a (OCoLC)11371924 
035 |9 ACM7184AM 
039 0 |a 2  |b 3  |c 3  |d 3  |e 3 
040 |a DLC  |c DLC  |d TXA  |d UtOrBLW 
049 |a TXAM  |c [A09139748] 
050 0 0 |a HD30.28  |b .M3855 1985 
082 0 |a 658.4/012  |2 19 
100 1 |a McNamee, Patrick B. 
245 1 0 |a Tools and techniques for strategic management /  |c by Patrick B. McNamee. 
250 |a 1st ed. 
264 1 |a Oxford [Oxfordshire] ;  |a New York :  |b Pergamon Press,  |c 1985. 
300 |a xxvi, 319 pages :  |b illustrations ;  |c 24 cm. 
336 |a text  |b txt  |2 rdacontent 
337 |a unmediated  |b n  |2 rdamedia 
338 |a volume  |b nc  |2 rdacarrier 
504 |a Includes bibliographies and index. 
650 0 |a Business planning. 
650 0 |a Industrial management. 
999 |a MARS 
999 f f |s 938542a0-9eeb-37d8-82df-a6275d7015f4  |i c2dfef97-6591-3d06-8150-b83ef0bfb475  |t 0 
952 f f |p ric  |a Texas A&M University  |b Rellis Campus  |c Joint Library Facility  |d Remote Storage  |t 0  |e HD30.28 .M3855 1985  |h Library of Congress classification  |i unmediated -- volume  |m A14809139748 
998 f f |a HD30.28 .M3855 1985  |t 0  |l Remote Storage